| 000 -LEADER |
| fixed length control field |
01769cam a2200373 a 4500 |
| 001 - CONTROL NUMBER |
| control field |
14396026 |
| 003 - CONTROL NUMBER IDENTIFIER |
| control field |
OSt |
| 005 - DATE AND TIME OF LATEST TRANSACTION |
| control field |
20170116082609.0 |
| 008 - FIXED-LENGTH DATA ELEMENTS--GENERAL INFORMATION |
| fixed length control field |
060531s2006 paua b s001 0deng |
| 010 ## - LIBRARY OF CONGRESS CONTROL NUMBER |
| LC control number |
2006018106 |
| 020 ## - INTERNATIONAL STANDARD BOOK NUMBER |
| International Standard Book Number |
0271029013 (clothbound : alk. paper) |
| 020 ## - INTERNATIONAL STANDARD BOOK NUMBER |
| International Standard Book Number |
9780271029016 (clothbound : alk. paper) |
| 020 ## - INTERNATIONAL STANDARD BOOK NUMBER |
| International Standard Book Number |
9870271029014 |
| 035 ## - SYSTEM CONTROL NUMBER |
| System control number |
(OCoLC)ocm69992378 |
| 035 ## - SYSTEM CONTROL NUMBER |
| System control number |
(OCoLC)69992378 |
| 040 ## - CATALOGING SOURCE |
| Original cataloging agency |
DLC |
| Transcribing agency |
DLC |
| Modifying agency |
BTCTA |
| -- |
C#P |
| -- |
BAKER |
| -- |
YDXCP |
| -- |
OCLCQ |
| -- |
DLC |
| 043 ## - GEOGRAPHIC AREA CODE |
| Geographic area code |
e-it--- |
| 050 00 - LIBRARY OF CONGRESS CALL NUMBER |
| Classification number |
N6923.B5B48 2006 |
| 245 00 - TITLE STATEMENT |
| Title |
Bernini's biographies : |
| Remainder of title |
critical essays / |
| Statement of responsibility, etc. |
edited by Maarten Delbeke, Evonne Levy, and Steven F. Ostrow. |
| 260 ## - PUBLICATION, DISTRIBUTION, ETC. (IMPRINT) |
| Place of publication, distribution, etc. |
University Park, Pa. : |
| Name of publisher, distributor, etc. |
Pennsylvania State University Press, |
| Date of publication, distribution, etc. |
c2006. |
| 300 ## - PHYSICAL DESCRIPTION |
| Extent |
xviii, 419 p. : |
| Other physical details |
ill. ; |
| Dimensions |
24 cm. |
| 504 ## - BIBLIOGRAPHY, ETC. NOTE |
| Bibliography, etc |
Includes bibliographical references (p. [377]-401) and index. |
| 600 10 - SUBJECT ADDED ENTRY--PERSONAL NAME |
| Personal name |
Bernini, Gian Lorenzo, |
| Dates associated with a name |
1598-1680. |
| 600 10 - SUBJECT ADDED ENTRY--PERSONAL NAME |
| Personal name |
Baldinucci, Filippo, |
| Dates associated with a name |
1625-1696. |
| Title of a work |
Vita del cavaliere Gio. Lorenzo Bernino. |
| 600 10 - SUBJECT ADDED ENTRY--PERSONAL NAME |
| Personal name |
Bernini, Domenico, |
| Dates associated with a name |
1657-1723. |
| Title of a work |
Vita del cavalier Gio. Lorenzo Bernino. |
| 650 #0 - SUBJECT ADDED ENTRY--TOPICAL TERM |
| Topical term or geographic name as entry element |
Artists |
| Geographic subdivision |
Italy |
| General subdivision |
Biography |
| -- |
History and criticism. |
| 700 1# - ADDED ENTRY--PERSONAL NAME |
| Personal name |
Delbeke, Maarten. |
| 700 1# - ADDED ENTRY--PERSONAL NAME |
| Personal name |
Levy, Evonne Anita, |
| Dates associated with a name |
1961- |
| 700 1# - ADDED ENTRY--PERSONAL NAME |
| Personal name |
Ostrow, Steven F. |
| 856 41 - ELECTRONIC LOCATION AND ACCESS |
| Materials specified |
Table of contents only |
| Uniform Resource Identifier |
<a href="http://www.loc.gov/catdir/toc/ecip0614/2006018106.html">http://www.loc.gov/catdir/toc/ecip0614/2006018106.html</a> |
| 942 ## - ADDED ENTRY ELEMENTS (KOHA) |
| Source of classification or shelving scheme |
|
| Koha item type |
Hard Covered Materials |
| Classification part |
BD311 .B76 1990 |